000 00816nam a22002177a 4500
005 20100511102642.0
008 100511t xxu||||| |||| 00| 0 eng d
020 _a9788183332873
_c195.00
037 _bPUB
040 _aDPL
100 _aJones, Brandon
245 _aIpod repair :
_cby Brandon Jones and Marc Campbell
_bquicksteps /
260 _aNew Delhi :
_bBPB Publications
_c2008
270 _aB-14, Connaught Place
_bNew Delhi
_e110001
300 _axxii, 993 p. :
_c24 cm.(Pbk)
500 _aIncludes index.
700 _aCampbell, Marc
942 _2ddc
_cEN
_mJON
999 _c35906
_d35906